| 000 | 00422nam a2200169 a 4500 | ||
|---|---|---|---|
| 001 | 3372 | ||
| 005 | 20140414131928.0 | ||
| 008 | 040603s19uu xx 00 eng d | ||
| 020 | _a971-8910-49-2 | ||
| 050 |
_aER _bT41 1994 |
||
| 245 | _aThree Little pigs (The). | ||
| 260 |
_aMakati City : _bA Dolphin Book, _c1994. |
||
| 300 | _ap. ; cm. | ||
| 650 | _aFolktales. | ||
| 650 | _aChildren stories. | ||
| 999 |
_c112134 _d112134 |
||